Most Distant Capitals of Bordering Countries - Statistics

General Stats
  • This quiz has been taken 237 times
    191 since last reset
  • The average score is 21 of 27
Answer Stats
Country % Correct
Moscow
97%
Beijing
96%
Brasilia
92%
Paris
90%
New Delhi
88%
Washington D.C.
86%
Lima
85%
Mexico City
85%
Pyongyang
85%
Bogota
84%
Ulaanbaatar
83%
Kabul
82%
Caracas
81%
Nur-Sultan
81%
Islamabad
79%
Kathmandu
77%
Paramaribo
76%
Jakarta
73%
Bishkek
70%
Vientiane
70%
Thimphu
69%
Dushanbe
65%
Naypyidaw
65%
Algiers
63%
Port Moresby
61%
Nouakchott
50%
Bamako
49%
No matching quizzes found
Score Distribution
Percent of People with Each Score
Percentile by Number Answered
Your Score History
You have not taken this quiz since the last reset